[Event "CHI-ch (Women)"]
[Site "Las Condes"]
[Date "2022.02.26"]
[Round "10"]
[White "Araos Diaz, Constanza Paz"]
[Black "Vildosola Canales, Melany Selena"]
[Result "0-1"]
[WhiteElo "1435"]
[BlackElo "1645"]
[PlyCount "92"]
[EventDate "2022.02.18"]
[EventType "tourn"]
[EventRounds "11"]
[EventCountry "CHI"]
[SourceTitle "CBM 207 Extra"]
[Source "ChessBase"]
[SourceDate "2022.05.31"]
[SourceVersion "1"]
[SourceVersionDate "2022.05.31"]
[SourceQuality "1"]

1. d4 Nf6 2. Bf4 g6 3. e3 d5 4. Nf3 Bg7 5. Be2 c5 6. c3 0-0 7. 0-0 Nbd7 8. Nbd2 Re8 9. h3 b6 10. Ne5 Bb7 11. Bh2 a6 12. f4 Nf8 13. g4 N6d7 14. Nxd7 Nxd7 15. Nf3 Nf6 16. Ne5 Ne4 17. f5 f6 18. Nd3 e5 19. fxe6 Rxe6 20. Kg2 Nd6 21. dxc5 Nc4 22. Bg1 Rxe3 23. Bf3 Re7 24. b3 Ne3+ 25. Bxe3 Rxe3 26. Nf4 bxc5 27. Bxd5+ Bxd5+ 28. Nxd5 Re6 29. Rc1 Rd6 30. c4 Rb8 31. Qe2 Qd7 32. Rce1 Kf7 33. Qf2 Qd8 34. Qxc5 Rc8 35. Qa7+ Rd7 36. Qxa6 Rxd5 37. Qe6+ Kf8 38. cxd5 Rc2+ 39. Rf2 Rxf2+ 40. Kxf2 f5 41. Kg2 Bd4 42. Rc1 Kg7 43. Rc8 Qh4 44. Qg8+ Kh6 45. Rc7 Qf2+ 46. Kh1 Qg1# 0-1

[Event "CHI-ch (Women)"]
[Site "Las Condes"]
[Date "2022.02.22"]
[Round "6"]
[White "Araos Diaz, Constanza Paz"]
[Black "Gomez Barrera, Javiera Belen"]
[Result "0-1"]
[WhiteElo "1435"]
[BlackElo "2199"]
[PlyCount "132"]
[EventDate "2022.02.18"]
[EventType "tourn"]
[EventRounds "11"]
[EventCountry "CHI"]
[SourceTitle "CBM 207 Extra"]
[Source "ChessBase"]
[SourceDate "2022.05.31"]
[SourceVersion "1"]
[SourceVersionDate "2022.05.31"]
[SourceQuality "1"]

1. d4 Nf6 2. Bf4 g6 3. e3 Bg7 4. Nf3 d6 5. Be2 0-0 6. 0-0 Nc6 7. c4 e5 8. dxe5 Ne4 9. Nbd2 dxe5 10. Bg3 Nxg3 11. hxg3 Qe7 12. Rb1 e4 13. Nh2 Rd8 14. a3 a5 15. Qc2 f5 16. Rbd1 Qe5 17. b3 h5 18. Nb1 Be6 19. Rxd8+ Rxd8 20. Rd1 Rxd1+ 21. Bxd1 Bf8 22. Qa2 Qd6 23. Be2 Ne5 24. Nf1 c6 25. f3 exf3 26. gxf3 Be7 27. Qc2 Qc5 28. Qc3 Bf6 29. Qd2 Be7 30. Qd4 a4 31. Qxc5 Bxc5 32. b4 Be7 33. Nfd2 Bf6 34. Bd1 Nxc4 35. Nxc4 Bxc4 36. Bxa4 Bd3 37. Bb3+ Kf8 38. Nd2 b5 39. Nf1 Bb2 40. a4 Bc3 41. axb5 cxb5 42. Kf2 Bxb4 43. Nh2 Ke7 44. g4 fxg4 45. fxg4 Bd6 46. Nf3 hxg4 47. Nd4 Be5 48. Nc6+ Kd6 49. Nxe5 Kxe5 50. Bd1 b4 51. Bb3 g5 52. Kg3 Bf5 53. Kf2 Be6 54. Bc2 b3 55. Bb1 Bf5 56. e4 Bxe4 57. Bxe4 Kxe4 58. Ke2 g3 59. Kd2 g2 60. Kc3 g1Q 61. Kxb3 Qd4 62. Kc2 Qd3+ 63. Kb2 Qc4 64. Ka1 Qe2 65. Kb1 Kd3 66. Ka1 Kc3 0-1

[Event "CHI-ch (Women)"]
[Site "Las Condes"]
[Date "2022.02.21"]
[Round "5"]
[White "Luna Benalcazar, Gianella"]
[Black "Araos Diaz, Constanza Paz"]
[Result "1-0"]
[WhiteElo "1736"]
[BlackElo "1435"]
[PlyCount "63"]
[EventDate "2022.02.18"]
[EventType "tourn"]
[EventRounds "11"]
[EventCountry "CHI"]
[SourceTitle "CBM 207 Extra"]
[Source "ChessBase"]
[SourceDate "2022.05.31"]
[SourceVersion "1"]
[SourceVersionDate "2022.05.31"]
[SourceQuality "1"]

1. e4 d5 2. exd5 Qxd5 3. Nc3 Qd6 4. d4 Nf6 5. Nf3 Bg4 6. h3 Bxf3 7. Qxf3 c6 8. Be3 e6 9. 0-0-0 Be7 10. Kb1 0-0 11. g4 Nd5 12. Ne4 Qc7 13. c4 Nxe3 14. fxe3 f5 15. Nc3 g6 16. h4 Nd7 17. g5 Nb6 18. Qh3 Kg7 19. Be2 Bb4 20. h5 Rh8 21. e4 Rad8 22. c5 Nd7 23. h6+ Kf7 24. exf5 exf5 25. Bc4+ Kf8 26. Rhf1 Re8 27. Ne2 b5 28. Bd3 Qd8 29. Bxf5 Rxe2 30. Bxg6+ Kg8 31. Qb3+ Re6 32. Qxe6# 1-0